| 000 | 00676nam a2200217 a 4500 | ||
|---|---|---|---|
| 005 | 20240925065121.0 | ||
| 008 | 991125s1985 mx 000 0 spa u | ||
| 020 | _a9688520152 | ||
| 035 | _aUPN01000026602 | ||
| 049 | _aCG | ||
| 050 | 4 |
_aHM27 _bL3.38a |
|
| 100 | 1 |
_aLapassade, Georges, _d1924-2008 _928945 |
|
| 245 | 1 | 0 |
_aGrupos, organizaciones e instituciones : _bla transformación de la burocracia / _cpor Georges Lapassade. |
| 260 |
_aMéxico : _bGedisa, _c1985. |
||
| 300 | _a326 p. | ||
| 440 | 0 | _aHombre y sociedad | |
| 500 | _aTraducción del francés | ||
| 650 | 4 |
_aASOCIACIONES, INSTITUCIONES, ETC. _98458 |
|
| 650 | 4 |
_aPsicología social _95889 |
|
| 905 | _aLibro | ||
| 999 |
_c26602 _d26602 |
||